| 000 | 01126pam a2200325 a 4500 | ||
|---|---|---|---|
| 001 | 3997628 | ||
| 003 | OSt | ||
| 005 | 20260618063044.0 | ||
| 008 | 960408s1996 ilu b 000 0 eng | ||
| 010 | _a 96017460 | ||
| 020 |
_a0830814205 _qcloth : alk. paper |
||
| 020 |
_a9780830814206 _q(cloth : alk. paper) |
||
| 035 | _a3997628 | ||
| 040 |
_aDLC _cDLC _dDLC |
||
| 050 | 0 | 0 |
_a227.407 _bM875G |
| 082 | 0 | 0 |
_a227.407 _220 _bM875G |
| 100 | 1 |
_aMorris, Leon, _d1914-2006. _9528 |
|
| 245 | 1 | 0 |
_aGalatians : _bPaul's charter of Christian freedom / _cLeon Morris. |
| 260 |
_aDowners Grove, Ill. : _bInterVarsity Press, _cc1996. |
||
| 300 |
_a191 p. ; _c24 cm. |
||
| 336 |
_atext _btxt _2rdacontent |
||
| 337 |
_aunmediated _bn _2rdamedia |
||
| 338 |
_avolume _bnc _2rdacarrier |
||
| 504 | _aIncludes bibliographical references. | ||
| 630 | 0 | 0 |
_aBible. _pGalatians _xCommentaries. _9532 |
| 906 |
_a7 _bcbc _corignew _d1 _eocip _f19 _gy-gencatlg |
||
| 942 |
_2ddc _cBK |
||
| 999 |
_c11667 _d11667 |
||